Langman's Medical Embryology (Record no. 4086)

MARC details
000 -LEADER
fixed length control field 00970pam a2200301 a 4500
001 - CONTROL NUMBER
control field 3015483
003 - CONTROL NUMBER IDENTIFIER
control field OSt
005 - DATE AND TIME OF LATEST TRANSACTION
control field 20240315135133.0
008 - FIXED-LENGTH DATA ELEMENTS--GENERAL INFORMATION
fixed length control field 940711s1995 mdua b 001 0 eng c
010 ## - LIBRARY OF CONGRESS CONTROL NUMBER
LC control number 94029937
020 ## - INTERNATIONAL STANDARD BOOK NUMBER
International Standard Book Number 0683074903
040 ## - CATALOGING SOURCE
Original cataloging agency DNLM/DLC
Transcribing agency DLC
Modifying agency DLC
050 00 - LIBRARY OF CONGRESS CALL NUMBER
Classification number QM601
Item number .L35 1995
060 00 - NATIONAL LIBRARY OF MEDICINE CALL NUMBER
Classification number QS 604 S126m 1995
082 00 - DEWEY DECIMAL CLASSIFICATION NUMBER
Classification number QS 604 S15l
Edition number 20
100 1# - MAIN ENTRY--PERSONAL NAME
Personal name Sadler, T. W.; Jill, Leland
9 (RLIN) 438
245 10 - TITLE STATEMENT
Title Langman's Medical Embryology
250 ## - EDITION STATEMENT
Edition statement 5th ed.
260 ## - PUBLICATION, DISTRIBUTION, ETC. (IMPRINT)
Place of publication, distribution, etc. Baltimore;
Name of publisher, distributor, etc. Williams & Wilkins,
Date of publication, distribution, etc. 1985.
300 ## - PHYSICAL DESCRIPTION
Extent xi, 410 p. :
Other physical details ill. (some col.) ;
Dimensions 23 cm.
504 ## - BIBLIOGRAPHY, ETC. NOTE
Bibliography, etc Includes bibliographical references and index.
650 00 - SUBJECT ADDED ENTRY--TOPICAL TERM
Topical term or geographic name as entry element Embryology
9 (RLIN) 204
650 00 - SUBJECT ADDED ENTRY--TOPICAL TERM
Topical term or geographic name as entry element Developing abnormalities
9 (RLIN) 1284
740 0# - ADDED ENTRY--UNCONTROLLED RELATED/ANALYTICAL TITLE
Uncontrolled related/analytical title Medical embryology.
906 ## - LOCAL DATA ELEMENT F, LDF (RLIN)
a 7
b cbc
c orignew
d 1
e ocip
f 19
g y-gencatlg
942 ## - ADDED ENTRY ELEMENTS (KOHA)
Source of classification or shelving scheme Other/Generic Classification Scheme
Koha item type Open Shelf
Holdings
Withdrawn status Lost status Source of classification or shelving scheme Damaged status Not for loan Home library Current library Date acquired Source of acquisition Inventory number Total Checkouts Full call number Barcode Date last seen Price effective from Koha item type
    Other/Generic Classification Scheme     MUST Main Library MUST Main Library 18/05/2016   3692   QS 604 S15l 2016-1993 18/05/2016 18/05/2016 Open Shelf